000 00613nam a2200181Ia 4500
003 GCL
008 140319s9999 xx 000 0 ara d
040 _aGCL /
_cGCL
082 0 4 _a621.38132
_bف ت
100 1 _aفاروق سيد حسين
245 1 0 _aتصميم وعمل الواح الدوائر المطبوعة /
_cفاروق سيد حسين
300 _a112 ص
490 _aسلسلة الدوائر العملية والالكترونية
_v0
650 0 4 _aالدوائر الالكترونية
650 0 4 _aالالكترونيات
650 0 4 _aالدوائر المطبوعة
942 _2ddc
_cBK
999 _c47873
_d47873